LEADER 01262nam a2200301 u 4500 001 000000071744 003 CaOOAMICUS 005 20070226122150.0 008 020604s1991 it u000 u ita u 020 $a8831132865 035 $a10931908 040 $aPUL(R)$bita 100 1 $aCerini, Marisa.$0(OLS)http://pul/name/47564 245 10$aDio amore nell'esperienza e nel pensiero di Chiara Lubich /$cMarisa Cerini. 260 $aRoma :$bCittà Nuova,$cc1991. 300 $a100 p. ;$c21 cm 504 $aBibliografia: p. [97]-100. 600 14$aLubich, Chiara,$d1920-2008.$0(OLS)http://pul/subject/1557 650 4$aSpiritualità.$0(OLS)http://pul/subject/843 850 $aPUL 852 $aPUL$W1$xDP1 Religione 1$y20$m557 M 21$j92809$nBK-PRI$b $qStampati$B92809$CPULBib$Z2$F92809 $H $81 852 $aPUL$W1$xDP1 Fondo Bordoni$y120$m3 J 30$j167133$qFondi$B176148$CPULBib$Z2$F176148 $HBor662 $81 941 1 $a1 941 1 $a8 961 $aINV: 67693 996 $6020$a8831132865$9(OLS)http://pul/number/92642 996 $6245$aDio amore nell'esperienza e nel pensiero di Chiara Lubich$9(OLS)http://pul/title/94418 996 $6260$aRoma :$bCittà Nuova$9(OLS)http://pul/publisher/47927 LEADER 01307nam a2200313 u 4500 001 000000080592 003 CaOOAMICUS 005 20070226123650.0 008 050110s2004 it a u000 u ita u 020 $a88-02-06080-0 035 $a11021219 040 $aEFR$bita 041 1 $aita$alat 100 1 $aPorfyrius, P. Optianus,$dfl. 325.$0(OLS)http://pul/name/53718 240 10$aCarmina$9(Porfyrius, P. Optianus, fl. 325).$lItalian and Latin.$0(OLS)http://pul/title/105538 245 10$aCarmi di Publio Optaziano Porfirio /$ca cura di Giovanni Polara. 260 $aTorino :$bUTET,$cc2004. 300 $a294 p. :$bill. ;$c24 cm 490 1 $aClassici latini 500 $aTexte latin avec traduction italienne en regard. 504 $aBibliogr. p. [27]-32. Index. 700 1 $aPolara, Giovanni.$0(OLS)http://pul/name/278 830 0$aClassici latini (UTET).$0(OLS)http://pul/title/2304 850 $aPUL 852 $aPUL$W1$xDP1 Cons. Gen., Altre Classi 1$y22$m844 F 48$j102938$nBK-PRI$bStampati$q $B102938$CPULBib$Z2$F102938 $HPUL98617 $81 941 1 $a8 996 $6020$a88-02-06080-0$9(OLS)http://pul/number/106701 996 $6245$aCarmi di Publio Optaziano Porfirio$9(OLS)http://pul/title/105539 996 $6260$aTorino :$bUTET$9(OLS)http://pul/publisher/48088